[Event "AUT-chT2M 2122"]
[Site "Austria"]
[Date "2021.10.23"]
[Round "5.6"]
[White "Strobl, Samuel"]
[Black "Moser, Guenter"]
[Result "1-0"]
[WhiteElo "1749"]
[BlackElo "2267"]
[PlyCount "159"]
[EventDate "2021.10.01"]
[EventType "team-tourn"]
[EventRounds "11"]
[EventCountry "AUT"]
[SourceTitle "EXT 2023"]
[Source "ChessBase"]
[SourceDate "2022.10.05"]
[SourceVersion "1"]
[SourceVersionDate "2022.10.05"]
[SourceQuality "1"]
[WhiteTeam "Graz Schachgesellschaft"]
[BlackTeam "Ansfelden Union"]
[WhiteTeamCountry "AUT"]
[BlackTeamCountry "AUT"]

1. e4 c5 2. Nf3 Nc6 3. Bb5 g6 4. 0-0 Bg7 5. c3 a6 6. Bxc6 dxc6 7. d3 Nf6 8. Qe2 0-0 9. Rd1 h6 10. h3 Qc7 11. Be3 b6 12. Qc2 e5 13. b4 cxb4 14. cxb4 a5 15. b5 c5 16. Nc3 Be6 17. Nd2 Nd7 18. Nc4 f5 19. f3 f4 20. Bf2 Kh7 21. Kf1 Qd8 22. Na4 Rb8 23. Naxb6 Rxb6 24. Nxb6 Qxb6 25. a4 Bf6 26. Rac1 Be7 27. Qd2 Bb3 28. Re1 Ra8 29. Rc3 Bf7 30. Rec1 Qd8 31. Bg1 Rc8 32. Ke2 Be6 33. R3c2 Bd6 34. d4 exd4 35. Bxd4 c4 36. b6 Nxb6 37. Qxa5 Bc7 38. Rd1 Nd7 39. Qa6 Qe8 40. Qb7 Ba5 41. Qa6 Ra8 42. Qd6 g5 43. Rb1 c3 44. Rb7 Qf7 45. Kf2 Kg6 46. Qc6 Qe8 47. Qb5 Qc8 48. Kg1 Kh5 49. Kh2 Nf8 50. Rg7 Bc4 51. Qe5 Ne6 52. Rh7 Qg8 53. Rb7 Nxd4 54. Qxd4 Qe6 55. Rd7 Ra6 56. Rb7 Qc6 57. Rb8 Qxa4 58. Rc1 Qc6 59. h4 Qc7 60. Rh8 gxh4 61. Re8 Rg6 62. Ra1 Rg5 63. Qf6 Qf7 64. Qh8 c2 65. Rc8 Bb3 66. Rc6 Be6 67. Rxc2 Qg6 68. Qa8 h3 69. Rxa5 Kh4 70. Qd8 Qh5 71. Rcc5 hxg2 72. Rxg5 hxg5 73. Kxg2 Bg4 74. Ra3 Bh3+ 75. Kf2 Qh6 76. Ra6 Qh7 77. Qf6 Kh5 78. Ra8 Bc8 79. Rxc8 Qa7+ 80. Kf1 1-0

[Event "AUT-ch U16 Online Blitz"]
[Site "Playchess.com INT"]
[Date "2020.12.11"]
[Round "7"]
[White "Rosol, Alexander"]
[Black "Strobl, Samuel"]
[Result "0-1"]
[WhiteElo "1814"]
[BlackElo "1817"]
[PlyCount "118"]
[EventDate "2020.12.11"]
[EventType "swiss (blitz)"]
[EventRounds "7"]
[EventCountry "AUT"]
[SourceTitle "EXT 2022"]
[Source "ChessBase"]
[SourceDate "2021.10.06"]
[SourceVersion "1"]
[SourceVersionDate "2021.10.06"]
[SourceQuality "1"]

1. e4 e6 2. d4 d5 3. exd5 exd5 4. Bd3 Bd6 5. Ne2 Ne7 6. Bf4 0-0 7. 0-0 c6 8. c3 Qc7 9. Bxd6 Qxd6 10. Qd2 Nd7 11. Qf4 Qf6 12. Nd2 Ng6 13. Qxf6 Nxf6 14. Nf3 Re8 15. Rfe1 Bg4 16. Bxg6 hxg6 17. Ne5 Bxe2 18. Rxe2 Ne4 19. f3 Nd6 20. Rae1 g5 21. Kf2 f6 22. Nd3 Kf7 23. Nc5 Rxe2+ 24. Rxe2 Re8 25. Rxe8 Kxe8 26. Ke2 Ke7 27. Kd3 b6 28. Na4 Nc4 29. b3 Na5 30. Nb2 Kd6 31. Nd1 Nb7 32. Ne3 g6 33. c4 Nd8 34. Ng4 Ke6 35. a4 a5 36. Kc3 Nf7 37. Ne3 Nd6 38. c5 bxc5 39. dxc5 Nf5 40. Nxf5 gxf5 41. b4 axb4+ 42. Kxb4 Kd7 43. g3 g4 44. f4 Kc7 45. Kb3 Kb7 46. Kb4 Ka6 47. Ka3 Ka5 48. Kb3 d4 49. Kc4 Kxa4 50. Kd3 Kb4 51. Kxd4 Kb5 52. Kc3 Kxc5 53. Kd3 Kb4 54. Kc2 Kc4 55. Kd2 Kb3 56. Kc1 c5 57. Kd2 c4 58. Kc1 Kc3 59. Kb1 Kd2 0-1

[Event "AUT-ch U16 Online Blitz"]
[Site "Playchess.com INT"]
[Date "2020.12.11"]
[Round "4"]
[White "Schernthaner, David"]
[Black "Strobl, Samuel"]
[Result "0-1"]
[WhiteElo "2030"]
[BlackElo "1756"]
[PlyCount "108"]
[EventDate "2020.12.11"]
[EventType "swiss (blitz)"]
[EventRounds "7"]
[EventCountry "AUT"]
[SourceTitle "EXT 2022"]
[Source "ChessBase"]
[SourceDate "2021.10.06"]
[SourceVersion "1"]
[SourceVersionDate "2021.10.06"]
[SourceQuality "1"]

1. e4 e6 2. d4 d5 3. Nd2 Nf6 4. e5 Nfd7 5. Bd3 c5 6. c3 Nc6 7. Ne2 f6 8. Nf4 Qe7 9. Qh5+ Qf7 10. Qxf7+ Kxf7 11. exf6 Nxf6 12. Nf3 Bd6 13. 0-0 Bd7 14. Re1 Rae8 15. dxc5 Bxc5 16. Ng5+ Kg8 17. Be3 Bd6 18. Rad1 h6 19. Nf3 g5 20. Ng6 Rh7 21. Bd4 Rf7 22. Nge5 Nxe5 23. Bxe5 Bxe5 24. Nxe5 Rfe7 25. f3 Bc6 26. Re3 Nd7 27. Rde1 Nxe5 28. Rxe5 Kg7 29. Kf2 Kf6 30. h4 Rh8 31. h5 Rc8 32. c4 a6 33. c5 Bd7 34. b4 a5 35. a3 axb4 36. axb4 Bc6 37. b5 Be8 38. Bf5 Bf7 39. Bg6 Rxc5 40. Bxf7 Kxf7 41. Rb1 Kf6 42. Re2 d4 43. Rd2 e5 44. g4 Rc3 45. Re1 Rec7 46. Rb1 R7c5 47. Rbb2 Ke6 48. Re2 Kd5 49. Red2 Kc4 50. Re2 d3 51. Re4+ Kd5 52. Ke3 Rc2 53. Rb1 R5c3 54. Rd1 Re2# 0-1

[Event "Steyr Landesliga 1920"]
[Site "Austria"]
[Date "2019.10.19"]
[Round "3.8"]
[White "Ellmer, Lukas"]
[Black "Strobl, Samuel"]
[Result "1/2-1/2"]
[WhiteElo "1542"]
[BlackElo "1658"]
[PlyCount "121"]
[EventDate "2019.09.28"]
[EventType "team-tourn"]
[EventRounds "11"]
[EventCountry "AUT"]
[SourceTitle "CBM 193 Extra"]
[Source "ChessBase"]
[SourceDate "2020.01.31"]
[SourceVersion "1"]
[SourceVersionDate "2020.01.31"]
[SourceQuality "1"]
[WhiteTeam "Pinggau Friedberg"]
[BlackTeam "Graz Schachgesellschaft"]
[WhiteTeamCountry "AUT"]
[BlackTeamCountry "AUT"]

1. d4 Nf6 2. c4 e6 3. Nc3 d5 4. Bf4 c6 5. e3 Nbd7 6. Nf3 Be7 7. cxd5 exd5 8. Bd3 0-0 9. Qc2 h6 10. h3 Qa5 11. 0-0 c5 12. dxc5 Nxc5 13. Be2 Rd8 14. Nd4 Be6 15. Bf3 Rac8 16. Nxe6 Nxe6 17. Qb3 Nxf4 18. exf4 b6 19. Rfd1 d4 20. Ne2 Bc5 21. a3 b5 22. Rac1 Bb6 23. Rxc8 Rxc8 24. Nxd4 Bxd4 25. Rxd4 Qe1+ 26. Kh2 Qxf2 27. Rd1 Qc5 28. Qd3 a5 29. Qd4 Qf5 30. Qd3 Qxf4+ 31. g3 Qe5 32. b4 axb4 33. axb4 Qb2+ 34. Be2 Qxb4 35. Qxb5 Qe4 36. Qd3 Qe5 37. Bf3 Rc3 38. Qe2 Qc5 39. Rd8+ Kh7 40. Rd2 Re3 41. Qg2 Qc3 42. Rb2 Qe5 43. Re2 Rxe2 44. Qxe2 Qxe2+ 45. Bxe2 Kg6 46. Bc4 Nd7 47. Kg2 Ne5 48. Bb5 Kf5 49. h4 Ke4 50. Ba6 Ng4 51. Bb7+ Ke3 52. Ba6 Ne5 53. Bb7 Nd3 54. Bc6 Ne1+ 55. Kf1 Nd3 56. Kg2 f5 57. Bd7 f4 58. gxf4 Kxf4 59. Bc8 Ne1+ 60. Kh3 Nf3 61. Bd7 1/2-1/2

[Event "Steyr Landesliga 1819"]
[Site "Austria"]
[Date "2018.11.10"]
[Round "4.8"]
[White "Strobl, Samuel"]
[Black "Wagner, Christian"]
[Result "1-0"]
[WhiteElo "1680"]
[BlackElo "874"]
[PlyCount "49"]
[EventDate "2018.10.06"]
[EventType "team-tourn"]
[EventRounds "11"]
[EventCountry "AUT"]
[SourceTitle "CBM 187 Extra"]
[Source "ChessBase"]
[SourceDate "2018.11.04"]
[SourceVersion "1"]
[SourceVersionDate "2018.11.04"]
[SourceQuality "1"]
[WhiteTeam "Leibnitz"]
[BlackTeam "Leoben"]
[WhiteTeamCountry "AUT"]
[BlackTeamCountry "AUT"]

1. e4 e5 2. f4 d6 3. Nf3 Nc6 4. Bb5 Bd7 5. 0-0 Nd4 6. Nxd4 exd4 7. Bc4 Nf6 8. Qf3 Bc6 9. Re1 Qd7 10. Qb3 0-0-0 11. Bxf7 Bxe4 12. Be6 g6 13. Bxd7+ Rxd7 14. Qe6 Bg7 15. Rxe4 Nxe4 16. Qxe4 Rdd8 17. Kf2 Rde8 18. Qf3 Re7 19. d3 Rhe8 20. Bd2 Re6 21. Na3 g5 22. Re1 Rxe1 23. Bxe1 gxf4 24. Qg4+ Kb8 25. Qxg7 1-0

[Event "Steyr Landesliga 1819"]
[Site "Austria"]
[Date "2018.10.27"]
[Round "3.8"]
[White "Marakovits, Nico"]
[Black "Strobl, Samuel"]
[Result "1-0"]
[WhiteElo "1670"]
[BlackElo "1680"]
[PlyCount "65"]
[EventDate "2018.10.06"]
[EventType "team-tourn"]
[EventRounds "11"]
[EventCountry "AUT"]
[SourceTitle "CBM 187 Extra"]
[Source "ChessBase"]
[SourceDate "2018.11.04"]
[SourceVersion "1"]
[SourceVersionDate "2018.11.04"]
[SourceQuality "1"]
[WhiteTeam "Fuerstenfeld/Hartberg"]
[BlackTeam "Leibnitz"]
[WhiteTeamCountry "AUT"]
[BlackTeamCountry "AUT"]

1. e4 e6 2. d4 d5 3. Nc3 Bb4 4. a3 Bxc3+ 5. bxc3 Nf6 6. e5 Nfd7 7. Qg4 Kf8 8. h4 c5 9. Ne2 Nc6 10. h5 h6 11. Rh3 b6 12. Rg3 Ke7 13. Qxg7 Qf8 14. Qg4 Ba6 15. Rf3 Bxe2 16. Bxe2 Rc8 17. a4 Ke8 18. Ba3 Na5 19. Rg3 Rc7 20. f4 Nc4 21. Bxc4 dxc4 22. Qf3 Qe7 23. Rd1 Qh4 24. Ke2 Rc8 25. d5 Qd8 26. dxe6 fxe6 27. Rd6 Qe7 28. Rg6 Nf8 29. Rf6 Rd8 30. Qc6+ Rd7 31. Rfxe6 Nxe6 32. Rxe6 Qxe6 33. Qxe6+ 1-0

[Event "EU Union-ch U14 16th"]
[Site "Mureck"]
[Date "2018.08.07"]
[Round "7"]
[White "Strobl, Samuel"]
[Black "Vanderstappen, Louise"]
[Result "1-0"]
[WhiteElo "1648"]
[BlackElo "1358"]
[PlyCount "65"]
[EventDate "2018.08.01"]
[EventType "swiss"]
[EventRounds "9"]
[EventCountry "AUT"]
[SourceTitle "CBM 186 Extra"]
[Source "ChessBase"]
[SourceDate "2018.08.24"]
[SourceVersion "1"]
[SourceVersionDate "2018.08.24"]
[SourceQuality "1"]

1. e4 c5 2. Nf3 d6 3. c3 Nf6 4. h3 Nc6 5. d4 cxd4 6. cxd4 Nxe4 7. d5 Qa5+ 8. Nc3 Nxc3 9. bxc3 Ne5 10. Nxe5 Qxc3+ 11. Bd2 Qxe5+ 12. Be2 Qxd5 13. 0-0 g6 14. Bf3 Qd4 15. Qe2 Qe5 16. Qc4 Qc5 17. Qa4+ Bd7 18. Qb3 Rb8 19. Rfc1 Qb5 20. Qc3 Rg8 21. Rab1 Qc5 22. Qb3 Qb6 23. Qd3 Bf5 24. Be4 Bxe4 25. Qxe4 Qd8 26. Qa4+ Qd7 27. Qxa7 Qd8 28. Ba5 Ra8 29. Qxb7 Qxa5 30. Rc8+ Rxc8 31. Qxc8+ Qd8 32. Qc6+ Qd7 33. Rb8# 1-0

[Event "EU Union-ch U14 15th"]
[Site "Mureck"]
[Date "2017.08.09"]
[Round "8"]
[White "Strobl, Samuel"]
[Black "Kirilov, Ivaylo"]
[Result "0-1"]
[WhiteElo "1519"]
[BlackElo "1969"]
[PlyCount "164"]
[EventDate "2017.08.02"]
[EventType "swiss"]
[EventRounds "9"]
[EventCountry "AUT"]
[SourceTitle "CBM 180 Extra"]
[Source "ChessBase"]
[SourceDate "2017.10.06"]
[SourceVersion "1"]
[SourceVersionDate "2017.10.06"]
[SourceQuality "1"]

1. e4 e5 2. Nf3 Nc6 3. Bb5 a6 4. Ba4 Nf6 5. 0-0 b5 6. Bb3 Be7 7. Re1 d6 8. c3 0-0 9. h3 Na5 10. Bc2 c5 11. d4 Qc7 12. Nbd2 Re8 13. Nf1 g6 14. Ng3 Bf8 15. Bg5 Bg7 16. Qc1 Bd7 17. d5 c4 18. Bh6 Qd8 19. Qg5 Kh8 20. Bxg7+ Kxg7 21. Nh4 Kh8 22. Re3 Ng8 23. Qxd8 Rexd8 24. Rf1 Rf8 25. Kh2 Ne7 26. Ree1 Nb7 27. Nh1 f5 28. f4 Rae8 29. exf5 Nxf5 30. Bxf5 gxf5 31. fxe5 dxe5 32. Nf3 e4 33. Nd4 Nc5 34. g3 Re5 35. Nf2 Kg7 36. Nd1 Rxd5 37. Ne3 Re5 38. Re2 Nd3 39. Ng2 Rf6 40. Nf4 Nxf4 41. Rxf4 Re8 42. Ref2 Kg6 43. Re2 h5 44. Re3 Rb8 45. a3 a5 46. Nc2 Rd6 47. Rf2 Rd1 48. Re1 Rxe1 49. Nxe1 b4 50. cxb4 axb4 51. axb4 Rxb4 52. Rd2 Be6 53. Ng2 Kf6 54. Nf4 Bf7 55. Kg1 Rb3 56. Kg2 Ke5 57. Re2 Be8 58. h4 Rb7 59. Rc2 Kd4 60. Rd2+ Ke5 61. Rc2 Bf7 62. Kf2 Rd7 63. Kg2 Rd4 64. Kf2 Rd6 65. Kg2 Rd1 66. Kf2 Kd4 67. Ne2+ Ke5 68. Nf4 Rd4 69. Kg2 Rd6 70. Kf2 Rd7 71. Kg2 Rd8 72. Kf2 Rd6 73. Kg2 Rd1 74. Kf2 Kd4 75. Ne2+ Kd3 76. Rc3+ Kd2 77. Nf4 Rb1 78. Re3 Rxb2 79. Re2+ Kc1 80. Rxb2 Kxb2 81. Ne2 c3 82. Ke1 Bc4 0-1

[Event "EU Union-ch U14 15th"]
[Site "Mureck"]
[Date "2017.08.06"]
[Round "5"]
[White "Strobl, Samuel"]
[Black "Stadlinger, Lea"]
[Result "1/2-1/2"]
[WhiteElo "1519"]
[BlackElo "1444"]
[PlyCount "97"]
[EventDate "2017.08.02"]
[EventType "swiss"]
[EventRounds "9"]
[EventCountry "AUT"]
[SourceTitle "CBM 180 Extra"]
[Source "ChessBase"]
[SourceDate "2017.10.06"]
[SourceVersion "1"]
[SourceVersionDate "2017.10.06"]
[SourceQuality "1"]

1. e4 e5 2. Nf3 Nc6 3. Bb5 a6 4. Ba4 Nf6 5. 0-0 b5 6. Bb3 Be7 7. Re1 d6 8. c3 0-0 9. h3 Na5 10. Bc2 c5 11. d4 cxd4 12. cxd4 Nc6 13. Nc3 Bd7 14. Ne2 Qb6 15. d5 Nb4 16. Bb1 a5 17. Be3 Qc7 18. Ng3 Rfc8 19. Qd2 Qd8 20. Rf1 Rc4 21. a3 Na6 22. Bd3 Rcc8 23. b4 a4 24. Nh2 Rc7 25. Bb6 Rc2 26. Bxc2 Qxb6 27. Rfc1 Rc8 28. Nhf1 Nb8 29. Ne3 h6 30. Bd3 Bd8 31. Qe2 Qd4 32. Ngf5 Qb6 33. Rxc8 Bxc8 34. Rc1 Bd7 35. Qf3 Kh7 36. Qe2 g6 37. Ng3 Kg7 38. Rf1 Qb7 39. h4 Bb6 40. Nd1 Bg4 41. Qd2 Bd4 42. Kh2 Bxd1 43. Qxd1 h5 44. f3 Qb6 45. Qe2 Be3 46. Bxb5 Bf4 47. Bxa4 Nh7 48. Rc1 Bxc1 49. Qb5 1/2-1/2

[Event "AUT-ch U12"]
[Site "St Veit"]
[Date "2016.05.16"]
[Round "6"]
[White "Morgunov, Marc"]
[Black "Strobl, Samuel"]
[Result "1-0"]
[WhiteElo "2033"]
[BlackElo "1492"]
[PlyCount "63"]
[EventDate "2016.05.14"]
[EventType "swiss"]
[EventRounds "7"]
[EventCountry "AUT"]
[SourceTitle "CBM 172 Extra"]
[Source "ChessBase"]
[SourceDate "2016.06.21"]
[SourceVersion "1"]
[SourceVersionDate "2016.06.21"]
[SourceQuality "1"]

1. d4 Nf6 2. g3 g6 3. Bg2 Bg7 4. Nf3 0-0 5. c4 c6 6. 0-0 d5 7. Nc3 Bg4 8. Ne5 Be6 9. c5 Nbd7 10. Nxd7 Qxd7 11. b4 Bh3 12. Rb1 Rfd8 13. a4 Bxg2 14. Kxg2 Qf5 15. Bf4 Re8 16. Be5 Bh6 17. Bxf6 Qxf6 18. f4 Bg7 19. e3 Reb8 20. Rb3 e6 21. b5 Kf8 22. Rf2 Ke8 23. Rfb2 Kd7 24. bxc6+ Kxc6 25. Qe2 a6 26. Rb6+ Kc7 27. Nxd5+ exd5 28. Rxf6 Bxf6 29. Qd3 Re8 30. Qb3 Rab8 31. Qb6+ Kc8 32. Qxf6 1-0

[Event "AUT-ch U12"]
[Site "St Veit"]
[Date "2016.05.16"]
[Round "5"]
[White "Strobl, Samuel"]
[Black "Kristoferitsch, Daniel"]
[Result "1-0"]
[WhiteElo "1492"]
[BlackElo "1609"]
[PlyCount "27"]
[EventDate "2016.05.14"]
[EventType "swiss"]
[EventRounds "7"]
[EventCountry "AUT"]
[SourceTitle "CBM 172 Extra"]
[Source "ChessBase"]
[SourceDate "2016.06.21"]
[SourceVersion "1"]
[SourceVersionDate "2016.06.21"]
[SourceQuality "1"]

1. e4 e6 2. d4 d5 3. Nc3 Bb4 4. e5 c5 5. a3 Bxc3+ 6. bxc3 Ne7 7. Nf3 0-0 8. Bd3 Nbc6 9. Bxh7+ Kxh7 10. Ng5+ Kg6 11. h4 Qe8 12. Qg4 f5 13. h5+ Kh6 14. Nxe6+ 1-0

[Event "EU Union-ch U12 13th"]
[Site "Mureck"]
[Date "2015.08.13"]
[Round "9"]
[White "Strobl, Samuel"]
[Black "Zetocha, Adrian"]
[Result "0-1"]
[WhiteElo "1446"]
[BlackElo "1745"]
[PlyCount "108"]
[EventDate "2015.08.05"]
[EventType "swiss"]
[EventRounds "9"]
[EventCountry "AUT"]
[SourceTitle "EXT 2016"]
[Source "ChessBase"]
[SourceDate "2015.10.08"]
[SourceVersion "1"]
[SourceVersionDate "2015.10.08"]
[SourceQuality "1"]

1. e4 c5 2. Nc3 Nc6 3. f4 g6 4. Nf3 Bg7 5. Bb5 a6 6. Bxc6 bxc6 7. d3 Nf6 8. 0-0 0-0 9. Qe1 d6 10. h3 Bd7 11. Qh4 h6 12. Kh1 Nh7 13. f5 g5 14. Qf2 Rb8 15. g4 e6 16. h4 exf5 17. gxf5 g4 18. Nh2 h5 19. Bf4 Rxb2 20. Nd1 Rb5 21. Rc1 Be5 22. Bh6 g3 23. Qg2 Qxh4 24. Rg1 Rfb8 25. Nf2 Kh8 26. Nh3 Rg8 27. Nf3 Qf6 28. Nxe5 dxe5 29. Be3 h4 30. Qf3 Qg7 31. Qg2 Qg4 32. Bh6 Qh5 33. Be3 Nf6 34. Rge1 Ng4 35. Bg1 Rg7 36. Rb1 Rxb1 37. Rxb1 Nf6 38. Bxc5 Ng4 39. Bg1 Nh2 40. Rb8+ Kh7 41. Rb6 a5 42. Ra6 Qd1 43. Rxa5 Nf3 44. Ra7 f6 45. Ra8 Nxg1 46. Nxg1 Qb1 47. Qe2 Rg5 48. Ra7 h3 49. Rxd7+ Kh6 50. a4 g2+ 51. Kh2 Qxg1+ 52. Kxg1 h2+ 53. Kf2 g1Q+ 54. Kf3 Qg3# 0-1

[Event "EU Union-ch U12 13th"]
[Site "Mureck"]
[Date "2015.08.12"]
[Round "8"]
[White "Strobl, Samuel"]
[Black "Smetisko, Lucija"]
[Result "1-0"]
[WhiteElo "1446"]
[BlackElo "1531"]
[PlyCount "131"]
[EventDate "2015.08.05"]
[EventType "swiss"]
[EventRounds "9"]
[EventCountry "AUT"]
[SourceTitle "EXT 2016"]
[Source "ChessBase"]
[SourceDate "2015.10.08"]
[SourceVersion "1"]
[SourceVersionDate "2015.10.08"]
[SourceQuality "1"]

1. e4 e5 2. Nf3 Nc6 3. Bb5 Nf6 4. 0-0 Bd6 5. Re1 0-0 6. c3 Ne7 7. d4 Ng6 8. Nbd2 c6 9. Ba4 Bc7 10. Nf1 d6 11. Ng3 Bg4 12. h3 Be6 13. Bc2 Qd7 14. Bg5 Bd8 15. Bxf6 Bxf6 16. d5 Bxh3 17. gxh3 Qxh3 18. Bd3 c5 19. Bf1 Qd7 20. b4 cxb4 21. cxb4 Bh4 22. Nxh4 Nxh4 23. Qh5 Ng6 24. Rec1 Rac8 25. Rxc8 Qxc8 26. Qd1 Nf4 27. Nf5 Qd8 28. Qg4 Ng6 29. Rc1 Qb6 30. a3 Qd8 31. Bh3 h6 32. Rc3 Kh7 33. Rg3 Qf6 34. Ne3 Qd8 35. Qd7 Qxd7 36. Bxd7 Nf4 37. Bb5 g6 38. Bf1 Rc8 39. Nc4 Rd8 40. Rc3 Rc8 41. Rc2 Kg7 42. Ne3 Rxc2 43. Nxc2 f5 44. exf5 gxf5 45. Bg2 Kf6 46. Ne3 e4 47. Nc4 Nxd5 48. Nxd6 b6 49. Bf1 Ke5 50. Nf7+ Kf6 51. Nd6 Ke6 52. Nc8 a5 53. Bc4 b5 54. Bxd5+ Kxd5 55. bxa5 Kc6 56. a6 Kc7 57. a7 Kb7 58. Nd6+ Kxa7 59. Nxb5+ Kb6 60. Nd6 Ka5 61. Nxf5 Ka4 62. Nxh6 Kxa3 63. Kf1 Kb4 64. Ke2 Kc5 65. Ke3 Kd5 66. Ng4 1-0

[Event "EU Union-ch U12 13th"]
[Site "Mureck"]
[Date "2015.08.07"]
[Round "3"]
[White "Strobl, Samuel"]
[Black "Trzaskowska, Hanna"]
[Result "1-0"]
[WhiteElo "1446"]
[BlackElo "1192"]
[PlyCount "93"]
[EventDate "2015.08.05"]
[EventType "swiss"]
[EventRounds "9"]
[EventCountry "AUT"]
[SourceTitle "EXT 2016"]
[Source "ChessBase"]
[SourceDate "2015.10.08"]
[SourceVersion "1"]
[SourceVersionDate "2015.10.08"]
[SourceQuality "1"]

1. e4 e5 2. Nf3 Nc6 3. Bb5 a6 4. Ba4 Nf6 5. 0-0 b5 6. Bb3 Bc5 7. Nxe5 Nxe5 8. d4 0-0 9. dxe5 c6 10. exf6 Qxf6 11. Qf3 Qxf3 12. gxf3 a5 13. c3 d6 14. Be3 Bh3 15. Rd1 a4 16. Bc2 f5 17. Bxc5 dxc5 18. exf5 Bxf5 19. Bxf5 Rxf5 20. Rd3 Rd5 21. Rxd5 cxd5 22. Nd2 Re8 23. Kf1 Kf7 24. Re1 Rxe1+ 25. Kxe1 Ke6 26. Ke2 Ke5 27. Ke3 g5 28. b3 h6 29. h3 Kf5 30. b4 cxb4 31. cxb4 Ke5 32. a3 h5 33. Kd3 h4 34. Ke3 Ke6 35. Kd4 Kd6 36. Nf1 Ke6 37. Ne3 Kd6 38. Nxd5 Ke6 39. Nc7+ Kf5 40. Ke3 Ke5 41. Nxb5 Kd5 42. Nc3+ Kc4 43. Nxa4 Kb3 44. b5 Kxa4 45. b6 Kxa3 46. b7 Kb4 47. b8Q+ 1-0

[Event "EU Union-ch U12 13th"]
[Site "Mureck"]
[Date "2015.08.05"]
[Round "1"]
[White "Strobl, Samuel"]
[Black "Stoyanov, Tsvetan"]
[Result "0-1"]
[WhiteElo "1446"]
[BlackElo "2162"]
[PlyCount "86"]
[EventDate "2015.08.05"]
[EventType "swiss"]
[EventRounds "9"]
[EventCountry "AUT"]
[SourceTitle "EXT 2016"]
[Source "ChessBase"]
[SourceDate "2015.10.08"]
[SourceVersion "1"]
[SourceVersionDate "2015.10.08"]
[SourceQuality "1"]

1. e4 e5 2. Nf3 Nc6 3. Bb5 a6 4. Ba4 Nf6 5. 0-0 Be7 6. Re1 b5 7. Bb3 d6 8. c3 0-0 9. h3 Na5 10. Bc2 c5 11. d4 Qc7 12. Nbd2 cxd4 13. cxd4 Nc6 14. d5 Nb4 15. Bb1 a5 16. Nf1 Re8 17. Ng3 g6 18. Be3 Bf8 19. a3 Na6 20. Bd3 Bd7 21. Rc1 Qb7 22. Qe2 Bg7 23. b3 Rec8 24. Kh1 Ne8 25. Qd2 Nc5 26. Bxc5 dxc5 27. Rc2 f6 28. Rec1 Bf8 29. Be2 Bd6 30. Nh4 a4 31. b4 cxb4 32. axb4 Rxc2 33. Rxc2 Rc8 34. Rxc8 Qxc8 35. Nf3 Nc7 36. Ne1 Na6 37. Nc2 Qf8 38. Nf1 Bxb4 39. Nxb4 Qxb4 40. Qe3 Nc5 41. f3 a3 42. Qc1 a2 43. Nd2 Qd4 0-1